Gabriel Garcia Márquez và nỗi cô đơn huyền thoại

Wedi'i Gadw mewn:
Manylion Llyfryddiaeth
Prif Awdur: Phan, Tuấn Anh
Fformat: Llyfr
Iaith:Undetermined
Cyhoeddwyd: Hà Nội Văn học 2015
Pynciau:
Tagiau: Ychwanegu Tag
Dim Tagiau, Byddwch y cyntaf i dagio'r cofnod hwn!
Thư viện lưu trữ: Trung tâm Học liệu Trường Đại học Cần Thơ
LEADER 00680nam a2200229Ia 4500
001 CTU_235794
008 210402s9999 xx 000 0 und d
082 |a 808.89 
082 |b A107 
100 |a Phan, Tuấn Anh 
245 0 |a Gabriel Garcia Márquez và nỗi cô đơn huyền thoại 
245 0 |c Phan Tuấn Anh 
260 |a Hà Nội 
260 |b Văn học 
260 |c 2015 
526 |a Văn học Châu Mỹ 
526 |b SP534 
650 |a American literatures,Văn học Châu Mỹ 
650 |x Collections,Bộ sưu tập 
904 |i Năm 
910 |a Tuyến 
980 |a Trung tâm Học liệu Trường Đại học Cần Thơ